| 000 | 00427cam a2200169ua 4500 | ||
|---|---|---|---|
| 020 | _c5.00 | ||
| 041 |
_aeng _h |
||
| 082 |
_a954.83 _bKRI/KE |
||
| 100 | _aKrishna Iyer, L.A . | ||
| 245 |
_aKerala and Her People / _cL.A.Krishna Iyer. _hTextual Documents |
||
| 260 |
_aPalghat : _bThe Educational supplies depot , _c1961. |
||
| 300 | _a191 ; . | ||
| 365 | _a5.00 | ||
| 504 | _a | ||
| 942 | _cBK | ||
| 999 |
_c1036 _d1036 |
||